| 000 | 00900nam a2200265 a 4500 | ||
|---|---|---|---|
| 001 | BRCA_2166 | ||
| 005 | 20190320203709.0 | ||
| 008 | 890612s1986 mx-a---##b---f100-0#spa-# | ||
| 020 | _a9683600832 | ||
| 040 |
_aDLC _cDLC _dDLC |
||
| 041 | _aspa | ||
| 044 | _amx | ||
| 050 | 4 |
_aN6550 _b.N33 1983 |
|
| 245 | 1 | 0 |
_aEl nacionalismo y el arte mexicano _bIX Coloquio de Historia del Arte. |
| 260 |
_aMéxico _bUNAM, Instituto de Investigaciones Estéticas _c1986 |
||
| 300 |
_a410 p. _bil. _c23 cm. |
||
| 440 | 0 |
_aEstudios de arte y estética _v25 _96531 |
|
| 504 | _aIncluye referencias bibliográficas | ||
| 611 | 2 | 4 |
_aColoquio de Historia del Arte _n9 _d1983 _cUNAM _96532 |
| 650 | 1 | 4 |
_aArte _vCongresos _zMéxico _96533 |
| 650 | 1 | 4 |
_aArte mexicano _vCongresos _ySiglo XX _96534 |
| 650 | 1 | 4 |
_aArte y Estado _vCongresos _zMéxico _96535 |
| 651 | 4 |
_aMéxico _xVida intelectual _ySiglo XX _96536 |
|
| 942 |
_2lcc _cB |
||
| 999 |
_c1922 _d1922 |
||